000 00815nam a22002417a 4500
999 _c87898
_d87898
005 20190715172520.0
010 _aB-536754-764
020 _c450.00
_a9788170007067
035 _a536754-764
035 _ab-667711
037 _aDPL
_bKKP/Ven
082 _a020
100 _aGhante, P.B.
245 _aObjective questions in library and information science :
_cby P.B.Ghante
_bfor Net / SLET/Set, paper-II & III other competitive examinations /
250 _a4th edn.
260 _aNew Delhi
_bEss Ess Publications
_c2013
270 _a4831/24, Ansari Road, Darya Ganj
_bNew Delhi
_e110002 India
300 _a339p.
_c21cm(pbk)
700 _a
_943373
942 _2ddc
_cEN
_h020
_mGHA